[Event "PRO League Group Stage"]
[Site "chess.com INT"]
[Date "2019.03.14"]
[Round "10"]
[White "Lopez, Jasel"]
[Black "Herrera Reyes, Jose Antonio"]
[Result "1-0"]
[WhiteTitle "FM"]
[BlackTitle "FM"]
[WhiteElo "2388"]
[BlackElo "2324"]
[WhiteTeam "Amsterdam Mosquitoes"]
[BlackTeam "Barcelona Raptors"]
[WhiteFideId "15900045"]
[BlackFideId "2274914"]
[EventDate "2019.01.08"]

1. d4 Nf6 2. c4 c5 3. d5 b5 4. cxb5 a6 5. bxa6 g6 6. Nc3 Bg7 7. e4 O-O 8. Nf3
Qa5 9. Nd2 Bxa6 10. Be2 Bxe2 11. Qxe2 Qa6 12. Nc4 d6 13. a4 Nbd7 14. Nb5 Rab8
15. Ra3 h5 16. O-O Ng4 17. Bg5 f6 18. Bd2 Nde5 19. Na5 Qb6 20. h3 Nh6 21. f4 Nd7
22. Nc6 Rbe8 23. f5 Kh7 24. fxg6+ Kxg6 25. Rg3+ Ng4 26. Rxg4+ hxg4 27. Qxg4+ Kh7
28. Qxd7 c4+ 29. Kh2 f5 30. Rxf5 Rxf5 31. Qxf5+ Kg8 32. Qe6+ Kh8 33. Nxd6 Qxb2
34. Nf7+ Kh7 35. Ng5+ Kh8 36. Qg6 Be5+ 37. Nxe5 Qxe5+ 38. g3 1-0

[Event "PRO League Group Stage"]
[Site "chess.com INT"]
[Date "2019.03.14"]
[Round "10"]
[White "Tari, Aryan"]
[Black "Alekseenko, Kirill"]
[Result "0-1"]
[WhiteTitle "GM"]
[BlackTitle "GM"]
[WhiteElo "2625"]
[BlackElo "2637"]
[WhiteTeam "Norway Gnomes"]
[BlackTeam "Baden-Baden Snowballs"]
[WhiteFideId "1510045"]
[BlackFideId "4135539"]
[EventDate "2019.01.08"]

1. c4 e5 2. Nc3 d6 3. d4 exd4 4. Qxd4 Nc6 5. Qd2 Nf6 6. g3 Be6 7. b3 d5 8. cxd5
Bb4 9. dxe6 Ne4 10. exf7+ Kf8 11. Nxe4 Qd4 12. Nc3 Bxc3 13. Ba3+ Kxf7 14. O-O-O
Bxd2+ 15. Rxd2 Qa1+ 0-1

[Event "PRO League Group Stage"]
[Site "chess.com INT"]
[Date "2019.03.14"]
[Round "10"]
[White "Donchenko, Alexander"]
[Black "Christiansen, Johan-Sebastian"]
[Result "0-1"]
[WhiteTitle "GM"]
[BlackTitle "GM"]
[WhiteElo "2604"]
[BlackElo "2559"]
[WhiteTeam "Baden-Baden Snowballs"]
[BlackTeam "Norway Gnomes"]
[WhiteFideId "24603295"]
[BlackFideId "1512668"]
[EventDate "2019.01.08"]

1. d4 d5 2. c4 dxc4 3. e3 e5 4. Bxc4 Nc6 5. Nf3 e4 6. Nfd2 Qg5 7. Kf1 f5 8. Qb3
Nf6 9. Bf7+ Kd8 10. Nc3 Bd6 11. Qd1 Rf8 12. Bc4 a6 13. h3 Bd7 14. a3 Qg6 15. Ne2
Nh5 16. g3 Qe8 17. b4 g5 18. Qc2 f4 19. gxf4 gxf4 20. Nxe4 Bf5 21. Bd3 f3 22.
N2g3 Qg6 23. Nxf5 Qg2+ 24. Ke1 Qxh1+ 25. Kd2 Qh2 26. Kc3 Nf6 27. Kb3 Ne7 28.
Nxe7 Bxe7 29. Ng3 Bd6 30. Nf5 Nd7 31. e4 Bf4 32. e5 Nb6 33. e6 Re8 34. e7+ Kc8
35. Qc5 Kb8 36. Ng7 Bd6 37. Nxe8 Bxc5 38. bxc5 Nc8 39. Bg5 Nxe7 40. Bxe7 Qxf2
41. d5 Qe3 42. Kc2 Qxe7 43. d6 Qxe8 0-1

[Event "PRO League Group Stage"]
[Site "chess.com INT"]
[Date "2019.03.14"]
[Round "10"]
[White "Hauge, Lars Oskar"]
[Black "Kollars, Dmitrij"]
[Result "1/2-1/2"]
[WhiteTitle "IM"]
[BlackTitle "GM"]
[WhiteElo "2466"]
[BlackElo "2562"]
[WhiteTeam "Norway Gnomes"]
[BlackTeam "Baden-Baden Snowballs"]
[WhiteFideId "1509276"]
[BlackFideId "12909572"]
[EventDate "2019.01.08"]

1. d4 d5 2. Bf4 Nf6 3. e3 c5 4. Nc3 a6 5. Nf3 Nc6 6. dxc5 Bg4 7. a3 h6 8. Be2
Bxf3 9. Bxf3 e5 10. Bg3 e4 11. Be2 Bxc5 12. Qd2 d4 13. exd4 Qxd4 14. O-O-O Qxd2+
15. Rxd2 e3 16. Rd3 exf2 17. Rf1 O-O 18. Bxf2 Bxf2 19. Rxf2 Rfe8 20. Rf1 Rac8
21. Rd6 Ne5 22. Rd2 Nc4 23. Rd3 Ne3 24. Rg1 Neg4 25. h3 Ne5 26. Rd2 Nc4 27. Rd3
Ne5 28. Rdd1 Re7 29. Rge1 Rce8 30. Rd4 Nc6 31. Rd3 Re5 32. Kd1 Ne4 33. Nxe4 Rxe4
34. c3 Ne5 35. Rd4 Rxd4+ 36. cxd4 Rd8 37. Bxa6 Rxd4+ 38. Kc2 bxa6 39. Rxe5 g5
40. b4 Rf4 41. Re2 h5 42. Kd3 g4 43. hxg4 hxg4 44. Rb2 Kf8 45. a4 Ke7 46. b5
axb5 47. axb5 Kd7 48. Ke3 Rf6 49. b6 Kc8 50. b7+ Kb8 51. Ke4 Rf1 52. Rb5 Rf2 53.
Rf5 Rxg2 54. Rxf7 Re2+ 55. Kd3 Ra2 56. Rg7 1/2-1/2

[Event "PRO League Group Stage"]
[Site "chess.com INT"]
[Date "2019.03.14"]
[Round "10"]
[White "Agrest, Inna"]
[Black "Kaasen, Tor Fredrik"]
[Result "0-1"]
[WhiteTitle "WIM"]
[BlackTitle "IM"]
[WhiteElo "2275"]
[BlackElo "2409"]
[WhiteTeam "Baden-Baden Snowballs"]
[BlackTeam "Norway Gnomes"]
[WhiteFideId "1708830"]
[BlackFideId "1516647"]
[EventDate "2019.01.08"]

1. e4 c5 2. Nf3 d6 3. d4 cxd4 4. Nxd4 Nf6 5. Nc3 a6 6. Bg5 Nbd7 7. Bc4 g6 8. f3
Bg7 9. Qd2 h6 10. Be3 Qc7 11. Bb3 b5 12. Nd5 Nxd5 13. Bxd5 Bb7 14. O-O Bxd5 15.
exd5 Rc8 16. Rfe1 Nb6 17. Bf2 Nxd5 18. Nxb5 Qc6 19. Nd4 Qb7 20. c3 O-O 21. Rad1
Nb6 22. b3 d5 23. Be3 h5 24. Kh1 e6 25. Rc1 Nd7 26. Bh6 Rfe8 27. Bxg7 Kxg7 28.
Qg5 Nf6 29. Ne2 Rc6 30. Nd4 Rc7 31. Qe5 Rc5 32. Re3 Qc7 33. Qxc7 Rxc7 34. Rce1
Rec8 35. Ne2 Nd7 36. Rc1 Nb6 37. Rd3 Rc5 38. Rcd1 R8c7 39. Kg1 Nd7 40. Kf2 Ne5
41. R3d2 Nc6 42. Rd3 Na7 43. Re3 Nb5 44. Rdd3 Na3 45. Rd1 Kf6 46. Red3 Nb5 47.
Rc1 e5 48. a4 Nd6 49. Rcd1 Ke6 50. Re3 Nf5 51. Nd4+ Kf6 52. Nxf5 gxf5 53. Rde1
e4 54. fxe4 fxe4 55. Rc1 Ke5 56. b4 Rc4 57. b5 axb5 58. axb5 R4c5 59. b6 Rb7 60.
Rb1 Rc6 61. Re2 Rbxb6 62. Rxb6 Rxb6 63. Ke3 f5 64. g3 Rb3 65. Rc2 Rxc3+ 66. Rxc3
d4+ 67. Kd2 dxc3+ 68. Kxc3 Kd5 69. Kc2 Kd4 70. Kd2 e3+ 71. Ke2 Ke4 72. h3 Kd4
73. Ke1 Kd3 74. Kd1 e2+ 75. Ke1 Ke3 76. g4 fxg4 77. hxg4 h4 78. g5 h3 0-1

[Event "PRO League Group Stage"]
[Site "chess.com INT"]
[Date "2019.03.14"]
[Round "10"]
[White "Tomczak, Jacek"]
[Black "Lagarde, Maxime"]
[Result "1-0"]
[WhiteTitle "GM"]
[BlackTitle "GM"]
[WhiteElo "2631"]
[BlackElo "2604"]
[WhiteTeam "Berlin Bears"]
[BlackTeam "Cannes Blitzstreams"]
[WhiteFideId "1124668"]
[BlackFideId "662399"]
[EventDate "2019.01.08"]

1. e4 g6 2. d4 Bg7 3. Nc3 d6 4. Bg5 a6 5. f4 b5 6. Nf3 Bb7 7. Bd3 Nd7 8. e5 c5
9. Be4 Qb6 10. dxc5 Nxc5 11. Bxb7 Qxb7 12. Qd5 Rc8 13. O-O-O Qxd5 14. Nxd5 h6
15. Bh4 g5 16. Bf2 g4 17. exd6 gxf3 18. Nc7+ Kd7 19. Bxc5 exd6 20. Bxd6 Rxc7 21.
Be5+ Kc8 22. Bxg7 Rh7 23. Be5 fxg2 24. Rhg1 Rd7 25. Rxg2 Rxd1+ 26. Kxd1 Ne7 27.
Ke2 Kd7 28. Kf3 Ke6 29. Rd2 Nd5 30. Bb8 f5 31. Re2+ Kd7 32. Re5 Ne7 33. Rc5 Nc6
34. Be5 Re7 35. Rd5+ Kc8 36. Rd6 Kb7 37. Rxh6 Nxe5+ 38. fxe5 Rxe5 39. Rg6 Re4
40. Rg5 Rd4 41. Rxf5 Rd2 42. Kg3 Rxc2 43. Rf2 Rc8 44. h4 Rg8+ 45. Kf4 Rf8+ 46.
Ke3 Re8+ 47. Kd4 Rh8 48. Rh2 Rh5 49. Ke4 Kc6 50. Kf4 Kc5 51. Kg4 Rh8 52. h5 a5
53. h6 Kc4 54. Kf5 b4 55. h7 b3 56. a3 1-0

[Event "PRO League Group Stage"]
[Site "chess.com INT"]
[Date "2019.03.14"]
[Round "10"]
[White "Cornette, Matthieu"]
[Black "Braun, Arik"]
[Result "1-0"]
[WhiteTitle "GM"]
[BlackTitle "GM"]
[WhiteElo "2587"]
[BlackElo "2598"]
[WhiteTeam "Cannes Blitzstreams"]
[BlackTeam "Berlin Bears"]
[WhiteFideId "620084"]
[BlackFideId "4663527"]
[EventDate "2019.01.08"]

1. Nf3 Nf6 2. c4 e6 3. g3 d5 4. Bg2 d4 5. a3 a5 6. d3 c5 7. e3 Nc6 8. exd4 cxd4
9. Bg5 Be7 10. O-O Nd7 11. Bxe7 Qxe7 12. Nbd2 O-O 13. Re1 a4 14. b4 axb3 15.
Nxb3 Rxa3 16. Nfxd4 Nxd4 17. Nxd4 Rxa1 18. Qxa1 Qd6 19. Rd1 Rd8 20. Nb5 Qb6 21.
d4 Nf6 22. Rb1 Qa6 23. Qxa6 bxa6 24. Na7 Rf8 25. c5 a5 26. Ra1 Ba6 27. Rxa5 Bd3
28. c6 Ne8 29. Nb5 Bxb5 30. Rxb5 Nc7 31. Rb7 Rc8 32. d5 Ne8 33. Bh3 Kf8 34.
Rxf7+ Kxf7 35. Bxe6+ Ke7 36. Bxc8 Kd6 37. Be6 Nf6 38. f4 Ne8 39. Kg2 Ke7 40. Kf3
Kd6 41. g4 Nf6 42. g5 Ne8 43. Ke4 Ke7 44. Ke5 1-0

[Event "PRO League Group Stage"]
[Site "chess.com INT"]
[Date "2019.03.14"]
[Round "10"]
[White "Bezold, Michael"]
[Black "Libiszewski, Fabien"]
[Result "1-0"]
[WhiteTitle "GM"]
[BlackTitle "GM"]
[WhiteElo "2487"]
[BlackElo "2481"]
[WhiteTeam "Berlin Bears"]
[BlackTeam "Cannes Blitzstreams"]
[WhiteFideId "4601718"]
[BlackFideId "616834"]
[EventDate "2019.01.08"]

1. b3 g6 2. Bb2 Nf6 3. Bxf6 exf6 4. c4 d5 5. cxd5 Qxd5 6. Nc3 Qd8 7. g3 Ba3 8.
Bg2 O-O 9. Nf3 c6 10. Qc2 Na6 11. Rd1 Bf5 12. d3 Qa5 13. O-O Rad8 14. Nb1 Be7
15. Qb2 Rfe8 16. a3 Be6 17. b4 Qb6 18. Nc3 f5 19. Qc2 Nc7 20. Rb1 Nd5 21. Na4
Qc7 22. Rfc1 a6 23. Nc5 Bc8 24. e3 Bf6 25. d4 h5 26. h4 a5 27. Nd3 axb4 28. axb4
Qe7 29. b5 Rd6 30. Nde5 cxb5 31. Rxb5 Red8 32. Qb3 Kg7 33. Nc4 Rc6 34. Nfe5 Bxe5
35. Bxd5 Rxd5 36. Rxd5 Bc7 37. Rc5 Rxc5 38. dxc5 Be6 39. Qc3+ Kh7 40. Qd4 Qe8
41. Ra1 Bd7 42. Nd6 Bxd6 43. cxd6 Bc6 44. Rd1 Qd7 45. Qe5 Kg8 46. Qe7 Kg7 47.
Rc1 Qc8 48. Qe5+ Kh7 49. Qf6 Kg8 50. Qe7 f4 51. d7 Qxd7 52. Qxd7 Bxd7 53. gxf4
Kg7 54. Kf1 Kf6 55. Ke2 Bc6 56. f3 Kf5 57. Rc5+ Ke6 58. e4 f5 59. Ke3 Kf6 60.
Kd4 Ke6 61. Rc1 Kf6 62. Ra1 Ke6 63. Rg1 Be8 64. Kc5 Bc6 65. Rxg6+ Kf7 66. Rxc6 1-0

[Event "PRO League Group Stage"]
[Site "chess.com INT"]
[Date "2019.03.14"]
[Round "10"]
[White "Bordi, Kevin"]
[Black "Osmanodja, Filiz"]
[Result "1/2-1/2"]
[BlackTitle "WIM"]
[WhiteElo "2288"]
[BlackElo "2318"]
[WhiteTeam "Cannes Blitzstreams"]
[BlackTeam "Berlin Bears"]
[WhiteFideId "621862"]
[BlackFideId "24633569"]
[EventDate "2019.01.08"]

1. d4 Nf6 2. Bg5 Ne4 3. Bh4 c5 4. f3 g5 5. fxe4 gxh4 6. e3 Bh6 7. Kf2 cxd4 8.
exd4 Nc6 9. Nf3 e5 10. Nc3 exd4 11. Nd5 Bg7 12. Bc4 O-O 13. Rf1 d6 14. Qd2 h3
15. gxh3 Ne5 16. Rg1 Nxf3 17. Kxf3 Qh4 1/2-1/2

[Event "PRO League Group Stage"]
[Site "chess.com INT"]
[Date "2019.03.14"]
[Round "10"]
[White "Vachier-Lagrave, Maxime"]
[Black "Vallejo Pons, Francisco"]
[Result "1-0"]
[WhiteTitle "GM"]
[BlackTitle "GM"]
[WhiteElo "2780"]
[BlackElo "2698"]
[WhiteTeam "Marseille Migraines"]
[BlackTeam "Barcelona Raptors"]
[WhiteFideId "623539"]
[BlackFideId "2205530"]
[EventDate "2019.01.08"]

1. e4 e5 2. Nf3 Nc6 3. Bc4 Nf6 4. d3 Bc5 5. O-O O-O 6. c3 d5 7. exd5 Nxd5 8. a4
a5 9. Nbd2 Nb6 10. Bb5 Bd6 11. Nc4 Nxc4 12. Bxc4 Qf6 13. Ng5 Bf5 14. Qf3 Rad8
15. g4 Bc8 16. Qxf6 gxf6 17. Ne4 Be7 18. h3 Be6 19. Be3 Rd7 20. Kg2 Rfd8 21. Bb5
Bb3 22. Rfc1 Bd5 23. Kf1 Bxe4 24. dxe4 Rd6 25. Ke2 b6 26. h4 Kg7 27. Rh1 h6 28.
Bc4 Nb8 29. Bb3 Nd7 30. Rad1 Nc5 31. Rxd6 Bxd6 32. Bc2 Ne6 33. Rd1 Nf4+ 34. Kf3
Ng6 35. h5 Nf4 36. Bb3 Kf8 37. Bc4 Ke7 38. b3 Bc5 39. Rxd8 Kxd8 40. Bd2 Ke7 41.
b4 Bd6 42. Bb5 c5 43. bxa5 bxa5 44. Be3 Ke6 45. Bc4+ Ke7 46. Kg3 Kf8 47. Kh2 Ke8
48. Kg1 Nh3+ 49. Kf1 Ng5 50. Bd5 Bf8 51. Ke2 Kd7 52. Kd3 Kc7 53. Kc4 Kb6 54.
Bxg5 fxg5 55. Bxf7 Kc6 56. Be8+ Kb6 57. Kd5 c4 58. Kxc4 Bc5 59. f3 Be3 60. Kd5
Bf4 61. Kd6 Bd2 62. c4 Bb4+ 63. Kxe5 Kc5 64. Bb5 Bc3+ 65. Kf5 Kd6 66. Kg6 1-0

[Event "PRO League Group Stage"]
[Site "chess.com INT"]
[Date "2019.03.14"]
[Round "10"]
[White "Diaz Camallonga, Carles"]
[Black "Fressinet, Laurent"]
[Result "1/2-1/2"]
[WhiteTitle "IM"]
[BlackTitle "GM"]
[WhiteElo "2432"]
[BlackElo "2655"]
[WhiteTeam "Barcelona Raptors"]
[BlackTeam "Marseille Migraines"]
[WhiteFideId "22235256"]
[BlackFideId "608742"]
[EventDate "2019.01.08"]

1. e4 e5 2. Nf3 Nc6 3. Bb5 Nf6 4. d3 Bc5 5. Bxc6 dxc6 6. O-O Qe7 7. Nbd2 Bg4 8.
Re1 Nd7 9. Nf1 Qf6 10. Be3 Bxf3 11. Qxf3 Qxf3 12. gxf3 O-O-O 13. f4 Bxe3 14.
fxe3 f6 15. Ng3 g6 16. Rf1 a5 17. Rf2 a4 18. b3 Nc5 19. Ne2 b6 20. Nc3 axb3 21.
axb3 Kb7 22. Raf1 Na6 23. fxe5 fxe5 24. Rf7 Nb4 25. R1f2 Kc8 26. Kf1 Rd7 27.
Rf8+ Rxf8 28. Rxf8+ Rd8 29. Rf2 Re8 30. Ke1 Kd7 31. Kd2 Ke7 32. Ne2 Ra8 33. Nc3
Rf8 34. Rxf8 Kxf8 35. d4 Ke7 36. Ne2 Kf6 37. c3 Na6 38. Ng1 Nb8 39. Nf3 Nd7 40.
Ke2 g5 41. h3 h5 42. Kf2 g4 43. hxg4 hxg4 44. Nh4 c5 45. Nf5 Kg5 46. b4 cxb4 47.
cxb4 exd4 48. Nxd4 c5 49. bxc5 bxc5 50. Ne2 c4 51. Nc3 Ne5 52. Kg3 Kf6 53. Kf4
Ke6 54. Nb5 Kf6 55. Nc3 Ke6 56. Nb5 Kf6 57. Nc3 Ke6 58. Nb5 1/2-1/2

[Event "PRO League Group Stage"]
[Site "chess.com INT"]
[Date "2019.03.14"]
[Round "10"]
[White "Moussard, Jules"]
[Black "Alvarado Diaz, Alejandro"]
[Result "1-0"]
[WhiteTitle "GM"]
[BlackTitle "IM"]
[WhiteElo "2605"]
[BlackElo "2388"]
[WhiteTeam "Marseille Migraines"]
[BlackTeam "Barcelona Raptors"]
[WhiteFideId "642908"]
[BlackFideId "2276119"]
[EventDate "2019.01.08"]

1. e4 e5 2. Nf3 Nc6 3. Bc4 Nf6 4. d3 h6 5. c3 d6 6. Nbd2 g5 7. Nf1 Bg7 8. Ng3
O-O 9. O-O Ne7 10. d4 Ng6 11. Re1 c6 12. Bb3 Qc7 13. Nf5 Bxf5 14. exf5 Ne7 15.
dxe5 dxe5 16. Nxe5 Nxf5 17. Ng4 Rae8 18. Nxf6+ Bxf6 19. Bd2 Rxe1+ 20. Bxe1 Rd8
21. Qf3 Qe5 22. Rd1 Rxd1 23. Qxd1 Nd6 24. f3 Qe7 25. Bf2 b6 26. Qd3 c5 27. Bg3
Be5 28. Qg6+ Kf8 29. Qxh6+ Ke8 30. Qh7 Bf4 31. Qd3 b5 32. Bd1 Bxg3 33. hxg3 Nc4
34. Be2 a6 35. b3 Ne5 36. Qd5 Kf8 37. Kf2 Kg7 38. f4 gxf4 39. gxf4 Qh4+ 40. g3
Qh2+ 41. Qg2 Qxg2+ 42. Kxg2 Nc6 43. g4 b4 44. cxb4 cxb4 45. Bxa6 Nd4 46. Bd3 Kf6
47. Kf2 Ke6 48. Ke3 Kd5 49. Bc4+ Kc5 50. Bxf7 Nb5 51. g5 Kd6 52. Bc4 Nc3 53. g6 1-0

[Event "PRO League Group Stage"]
[Site "chess.com INT"]
[Date "2019.03.14"]
[Round "10"]
[White "Van Foreest, Jorden"]
[Black "Tari, Aryan"]
[Result "1-0"]
[WhiteTitle "GM"]
[BlackTitle "GM"]
[WhiteElo "2612"]
[BlackElo "2625"]
[WhiteTeam "Amsterdam Mosquitoes"]
[BlackTeam "Norway Gnomes"]
[WhiteFideId "1039784"]
[BlackFideId "1510045"]
[EventDate "2019.01.08"]

1. e4 e5 2. Nf3 Nc6 3. d4 exd4 4. Nxd4 Bc5 5. Be3 Qf6 6. c3 Nge7 7. Bb5 Bb6 8.
O-O O-O 9. a4 d6 10. Qd2 Qg6 11. f3 Nxd4 12. cxd4 c6 13. Bd3 a5 14. Nc3 Bd7 15.
Kh1 f5 16. Ne2 fxe4 17. fxe4 Rxf1+ 18. Rxf1 Rf8 19. Rxf8+ Kxf8 20. b4 axb4 21.
Qxb4 Nd5 22. exd5 Qxd3 23. Qxd6+ Ke8 24. Qb8+ Kf7 25. Qxb7 Qxe3 26. Qxd7+ Kf8
27. Qc8+ Kf7 28. Qb7+ Kf8 29. Qxb6 Qxe2 30. Qd8+ Kf7 31. Qd7+ Kf8 32. Qf5+ Ke7
33. Qe5+ 1-0

[Event "PRO League Group Stage"]
[Site "chess.com INT"]
[Date "2019.03.14"]
[Round "10"]
[White "Christiansen, Johan-Sebastian"]
[Black "Klein, David"]
[Result "1-0"]
[WhiteTitle "GM"]
[BlackTitle "GM"]
[WhiteElo "2559"]
[BlackElo "2492"]
[WhiteTeam "Norway Gnomes"]
[BlackTeam "Amsterdam Mosquitoes"]
[WhiteFideId "1512668"]
[BlackFideId "1003623"]
[EventDate "2019.01.08"]

1. Nf3 Nf6 2. c4 e6 3. g3 d5 4. Bg2 dxc4 5. Qa4+ Nbd7 6. Qxc4 a6 7. Qc2 c5 8.
O-O Ra7 9. d3 b6 10. e4 Be7 11. Nc3 O-O 12. Rd1 e5 13. Bg5 Re8 14. Qe2 h6 15.
Be3 Bf8 16. h3 Nb8 17. Nxe5 Rxe5 18. d4 cxd4 19. Bxd4 Re8 20. e5 Nfd7 21. Nd5
Nc6 22. Bc3 Ndxe5 23. f4 Bc5+ 24. Kh1 Ng4 25. Nf6+ Nxf6 26. Rxd8 Nxd8 27. Qc2
Bb7 28. Be5 Nd7 29. Bc3 Bxg2+ 30. Qxg2 Nf8 31. f5 a5 32. f6 g6 33. Rd1 Rd7 34.
Rxd7 Nxd7 35. Qd2 Nf8 36. Qxh6 Nfe6 37. h4 Nc6 38. Qd2 Rd8 39. Qe2 Ncd4 40. Qe4
Nf5 41. Qf3 Ned4 42. Qd3 Ne6 43. Qf3 Ned4 44. Qd3 Nc6 45. Qf3 Nb4 46. h5 Nd5 47.
g4 Nh6 48. Be5 Bf8 49. hxg6 fxg6 50. Qd3 Nf7 51. Qxg6+ Kh8 52. Qxf7 Ne3 53. Qh5+
Kg8 54. f7# 1-0

[Event "PRO League Group Stage"]
[Site "chess.com INT"]
[Date "2019.03.14"]
[Round "10"]
[White "Admiraal, Miguoel"]
[Black "Hauge, Lars Oskar"]
[Result "0-1"]
[WhiteTitle "IM"]
[BlackTitle "IM"]
[WhiteElo "2478"]
[BlackElo "2466"]
[WhiteTeam "Amsterdam Mosquitoes"]
[BlackTeam "Norway Gnomes"]
[WhiteFideId "1019716"]
[BlackFideId "1509276"]
[EventDate "2019.01.08"]

1. c3 f5 2. d4 Nf6 3. Bg5 e6 4. g4 d5 5. gxf5 exf5 6. Nf3 Bd6 7. Ne5 Nbd7 8. Nd3
O-O 9. Nf4 h6 10. Ne6 Qe8 11. Nxf8 hxg5 12. Nxd7 Bxd7 13. Nd2 c5 14. Qb3 cxd4
15. cxd4 Ba4 16. Qe3 Qd7 17. Qxg5 Re8 18. Bh3 Qc7 19. Qxf5 Bf4 20. Qd3 a6 21. e3
Bd6 22. Qc3 Qf7 23. Bf5 Qh5 24. Bc2 Bd7 25. Bd1 Qf5 26. Be2 Qh3 27. Bf1 Qh5 28.
Be2 Qh3 29. Bf1 Qh4 30. Nf3 Qe4 31. Be2 Bg4 32. Rg1 Bxf3 33. Bxf3 Qxf3 34. Qd3
Ne4 35. Qe2 Bb4+ 36. Kf1 Nd2+ 37. Ke1 Rxe3 38. fxe3 Nc4+ 39. Kd1 Nxe3+ 40. Kc1
Qxe2 41. Rxg7+ Kxg7 0-1

[Event "PRO League Group Stage"]
[Site "chess.com INT"]
[Date "2019.03.14"]
[Round "10"]
[White "Kaasen, Tor Fredrik"]
[Black "Lopez, Jasel"]
[Result "1-0"]
[WhiteTitle "IM"]
[BlackTitle "FM"]
[WhiteElo "2409"]
[BlackElo "2388"]
[WhiteTeam "Norway Gnomes"]
[BlackTeam "Amsterdam Mosquitoes"]
[WhiteFideId "1516647"]
[BlackFideId "15900045"]
[EventDate "2019.01.08"]

1. e4 e6 2. d4 d5 3. Nc3 Bb4 4. e5 c5 5. a3 Bxc3+ 6. bxc3 Ne7 7. a4 Qc7 8. Nf3
b6 9. Bd3 Ba6 10. O-O Bxd3 11. cxd3 O-O 12. Ba3 Nd7 13. Rb1 Nc6 14. Qe2 h6 15.
Rfc1 Rfd8 16. Qe3 Na5 17. Nd2 Qc6 18. dxc5 Qxa4 19. Bb4 Nb7 20. cxb6 a5 21. Bd6
Nxd6 22. exd6 Qc6 23. c4 dxc4 24. Nxc4 a4 25. b7 Rab8 26. Na5 Qxd6 27. Nc6 Nf6
28. Nxb8 Qxb8 29. Qb6 Nd5 30. Qxd8+ 1-0

[Event "PRO League Group Stage"]
[Site "chess.com INT"]
[Date "2019.03.14"]
[Round "10"]
[White "Alekseenko, Kirill"]
[Black "Tomczak, Jacek"]
[Result "1-0"]
[WhiteTitle "GM"]
[BlackTitle "GM"]
[WhiteElo "2637"]
[BlackElo "2631"]
[WhiteTeam "Baden-Baden Snowballs"]
[BlackTeam "Berlin Bears"]
[WhiteFideId "4135539"]
[BlackFideId "1124668"]
[EventDate "2019.01.08"]

1. e4 g6 2. d4 Bg7 3. Nc3 d5 4. e5 c5 5. dxc5 d4 6. Nb5 Nc6 7. Nf3 Bg4 8. Nbxd4
Qa5+ 9. c3 Rd8 10. Bb5 Bxe5 11. Qa4 Qxa4 12. Bxa4 Bxf3 13. Nxf3 Bg7 14. Be3 Nh6
15. Ke2 Nf5 16. Rad1 O-O 17. Bf4 e5 18. Bg5 Rc8 19. Nd2 f6 20. Be3 Nfe7 21. Ne4
Rc7 22. Nd6 h5 23. b4 f5 24. Bb3+ Kh7 25. Nf7 f4 26. Bc1 Bf6 27. Nd6 Nf5 28. Ne4
Be7 29. Rd3 Nh4 30. g3 f3+ 31. Kd1 Nf5 32. Kc2 a5 33. b5 a4 34. Bxa4 Na5 35. b6
Rxc5 36. Nxc5 Bxc5 37. Rf1 Bxb6 38. Ba3 Rc8 39. Bd7 Ra8 40. Bxf5 gxf5 41. Bb4
Nc6 42. Rd7+ Kg6 43. Rxb7 Nxb4+ 44. cxb4 Bxf2 45. Kb3 Bd4 46. Rxf3 e4 47. Rf1
Rc8 48. Rd7 Rc3+ 49. Ka4 Be5 50. b5 Rc2 51. a3 Rxh2 52. b6 Rb2 53. Rd5 Kf6 54.
Rb5 Rxb5 55. Kxb5 Bxg3 56. a4 e3 57. a5 e2 58. Rh1 f4 59. a6 f3 60. a7 f2 61.
a8=Q e1=Q 62. Qf8+ Kg6 63. Qg8+ Kf6 64. Qf8+ Kg6 65. Qg8+ Kf6 66. Qh8+ Ke7 67.
Qg7+ Ke8 68. Qg6+ Ke7 69. Qg5+ Kf8 70. Qxg3 f1=Q+ 71. Rxf1+ Qxf1+ 72. Kc6 Qc4+
73. Kb7 h4 74. Qb8+ Kf7 75. Qc7+ 1-0

[Event "PRO League Group Stage"]
[Site "chess.com INT"]
[Date "2019.03.14"]
[Round "10"]
[White "Braun, Arik"]
[Black "Donchenko, Alexander"]
[Result "1/2-1/2"]
[WhiteTitle "GM"]
[BlackTitle "GM"]
[WhiteElo "2598"]
[BlackElo "2604"]
[WhiteTeam "Berlin Bears"]
[BlackTeam "Baden-Baden Snowballs"]
[WhiteFideId "4663527"]
[BlackFideId "24603295"]
[EventDate "2019.01.08"]

1. d4 Nf6 2. c4 e6 3. Nc3 Bb4 4. Bd2 O-O 5. Nf3 b6 6. e3 Bb7 7. Bd3 d6 8. O-O
Nbd7 9. a3 Bxc3 10. Bxc3 Ne4 11. Rc1 Qe7 12. Nd2 Nxc3 13. Rxc3 e5 14. d5 f5 15.
f4 g6 16. Bc2 c6 17. dxc6 Bxc6 18. Nf3 Kh8 19. Ba4 Bxa4 20. Qxa4 Nc5 21. Qc2
Rac8 22. Nd2 Rfd8 23. b4 Ne6 24. Qb2 Qg7 25. Rd3 e4 26. Qxg7+ Kxg7 27. Rd5 Nc7
28. Rd4 Ne6 29. Rd5 Nc7 30. Rd4 b5 31. Rc1 Ne6 32. Rd5 Nc7 33. Rd4 Kf6 34. Kf2
Ke7 35. Ke2 Ne6 36. Rd5 Nc7 37. Rd4 Ne6 38. Rd5 a6 39. Kd1 Nc7 40. Rd4 Ne6 41.
Rd5 Nc7 42. Rd4 Ne6 43. Rd5 Nc7 1/2-1/2

[Event "PRO League Group Stage"]
[Site "chess.com INT"]
[Date "2019.03.14"]
[Round "10"]
[White "Kollars, Dmitrij"]
[Black "Bezold, Michael"]
[Result "1-0"]
[WhiteTitle "GM"]
[BlackTitle "GM"]
[WhiteElo "2562"]
[BlackElo "2487"]
[WhiteTeam "Baden-Baden Snowballs"]
[BlackTeam "Berlin Bears"]
[WhiteFideId "12909572"]
[BlackFideId "4601718"]
[EventDate "2019.01.08"]

1. e4 d6 2. d4 Nf6 3. Nc3 c6 4. f4 Qa5 5. Bd3 e5 6. Nf3 Nbd7 7. O-O Be7 8. Kh1
O-O 9. Be3 Qc7 10. a4 exd4 11. Bxd4 a6 12. e5 dxe5 13. fxe5 Ne8 14. Qe1 g6 15.
e6 Ndf6 16. exf7+ Kxf7 17. Bb6 Qd6 18. Rd1 Kg7 19. Bxg6 hxg6 20. Rxd6 Bxd6 21.
Bd4 c5 22. Be5 Bf5 23. Nh4 Bxe5 24. Nxf5+ gxf5 25. Qxe5 Rf7 26. Qxf5 Rd8 27.
Qxc5 Rdd7 28. h3 Kg8 29. Qg5+ Rg7 30. Qf4 Rdf7 31. Qc4 Kh7 32. Ne4 Kh8 33. Nxf6
Rxf6 34. Qh4+ Rh7 35. Qxf6+ Nxf6 36. Rxf6 Rc7 37. c3 Rc4 38. Rb6 1-0